| 000 | 00927nam a2200313Ia 4500 | ||
|---|---|---|---|
| 003 | OSt | ||
| 005 | 20221006160557.0 | ||
| 006 | a|||||r|||| 00| 0 | ||
| 007 | ta | ||
| 008 | 221006b |||||||| |||| 00| 0 eng d | ||
| 020 |
_a9780415643108 _c£24.99 |
||
| 024 | _a45,536 | ||
| 037 |
_bCBS-388, 23/03/2015, Classic Book Service _cTextual |
||
| 040 |
_aEASL _cEASL _beng |
||
| 041 |
_2eng _aeng |
||
| 082 | _aV49510t5952, Q4 | ||
| 100 | _aArmstrong Charles K. | ||
| 245 | 0 | _aKoreas | |
| 260 |
_aNew York _bRoutledge _c2014 |
||
| 300 |
_a150p. _ccm. |
||
| 490 | _v KEL | ||
| 650 | _a Globalization | ||
| 650 | _a KEL | ||
| 650 |
_a Korea - North _9672542 |
||
| 650 |
_a Koreans - Foreign countries - History _9674227 |
||
| 650 |
_aKorea - South _9674228 |
||
| 942 |
_hV49510t5952, Q4 _cTEXL _2CC |
||
| 999 |
_c1113628 _d1113628 |
||